000 00415nam a2200181Ia 4500
001 10693
005 20260306161851.0
008 260306t1983||||xx |||||||||||||| ||spa||
041 _aESP
082 _a946.081
_bG43A
100 _aGibson, Ian
_eAUT
245 0 _aParacuellos:
_bcómo fue
260 _c1983
300 _a281 páginas :
_c22 cm.
650 _aGEN
654 _aCHU
942 _cLIB
_dJUS
_fJUS
_2ddc
_n
999 _c10693
_d10693